Autorské profily súčasnej fotografickej tvorby

Bibliographic Details
Main Author: Hlaváč, Ľudovít, 1921-2007 (Author)
Format: Book
Language:Slovak
PhysicalDescription:92 s. 4°
Published: Bratislava Osvetový ústav 1973
Subjects:

MARC

LEADER 00000nam a2200000 a 4500
001 vtls008334376
003 SK-MaSNL
005 20260301184154.0
008 251104s1973 xo g 000 0 slo
015 |a SKSNBA1974/02-00672 
035 |a SK01SNK19740026593 
035 |a SKM000029056 
040 |a SNK  |b slo  |c SNK  |e AACR2 
041 1 |a slo 
044 |a xo  |c SK 
080 |a 77.03/.04(437.6):929  |2 1981 
080 |a 929  |2 1981 
100 1 |a Hlaváč, Ľudovít,  |d 1921-2007  |4 aut  |9 238661 
245 1 0 |a Autorské profily súčasnej fotografickej tvorby  |c Ľudovít Hlaváč 
260 |a Bratislava  |b Osvetový ústav  |c 1973 
300 |a 92 s.  |c 4° 
366 |e 400 kusov 
563 |a Nepredajná 
650 0 7 |a fotografia  |2 SNK  |9 1694 
655 7 |a príručky  |2 SNKPH  |9 74364 
958 |a RK 
958 |a RM 
999 |c 859664  |d 861594 
952 |t P60, <04>, [BOOK], {604}  |a SNK  |b SNK  |y VYP  |7 0  |p 17A0075348  |o snkSB 20380 D1  |i snkKSP 1218/74  |0 0  |1 0  |4 0  |d 1997-08-11  |l 0  |r 2005-01-02 00:00:00  |w 2026-02-24 
952 |a SNK  |b SNK  |y PREZ  |7 0  |p 17A0901315  |o snkSB 20380  |0 0  |1 0  |4 0  |d 2012-07-24  |l 0  |r 2025-03-25 00:00:00  |w 2026-02-24